Statistiques concernant Trouve les paroles - ll suffira d'un signe - Jean-Jacques Goldman

Cliquez ici pour prendre le quiz!

Statistiques générales

  • Ce quiz a été pris 55 fois
  • Le résultat moyen est 202 sur 301

Statistiques - réponses

Réponse% Correct
du
100%
d'un
100%
Il
100%
ma
100%
signe
100%
suffira
100%
matin
98%
Un
98%
un
98%
tranquille
94%
ce
92%
la
92%
serein
92%
tout
92%
Et
90%
et
90%
c'est
86%
C'est
86%
De
84%
de
84%
en
84%
Le
84%
que
84%
à
82%
latin
82%
livres
82%
dans
80%
Nos
80%
nos
80%
écrit
78%
certain
76%
tu
73%
Tu
73%
les
69%
Les
69%
mais
69%
chose
67%
Quelque
67%
vie
67%
mes
65%
qui
65%
sois
61%
des
59%
face
59%
au
57%
mains
57%
nous
57%
Nous
57%
Regarde
57%
bien
55%
brille
55%
d'infime
55%
ris
55%
fasse
53%
guenilles
53%
viendra
53%
vois
53%
changera
51%
place
51%
ça
49%
j'y
49%
moment
49%
notre
49%
Plus
49%
plus
49%
vauriens
49%
bout
47%
loin
47%
ton
47%
chevilles
45%
impasse
45%
J'aurai
45%
veux-tu
43%
avis
41%
n'avons
39%
Dis-moi
37%
Déchirées
35%
fers
33%
verras
31%
filles
29%
Auront
27%
brillent
27%
oh
27%
oui
27%
vin
27%
yeux
27%
fatigue
24%
satin
24%
festins
20%
lointain
20%
vanille
20%
villes
20%
changerons
18%
ferons
18%
blessures
16%
chemins
16%
faim
16%
jardins
16%
miel
16%
mutile
16%
inutiles
14%
L'acier
12%
grilles
4%

Distribution des résultats

Percentile par nombre de réponses

% des personnes avec chaque résultat

Votre développement - résultats

Vous n’avez pas pris ce quiz